000 00284nam a2200109Ia 4500
008 241014s9999||||xx |||||||||||||| ||und||
020 _a81-219-1508-2
100 _aGhosh Jayashree
245 2 _aA T/b of Pharmacetical Chemistry
260 _bS.Chand&Company Ltd
_c2010
942 _bDCOP
_cBK
999 _c3570
_d3570